Sports Quiz

Random Sports Quiz

All-Ireland Football Winners Quiz Stats

 Plays Quiz not verified by Sporcle

Score 0/131 Timer 10:00
0 Plays Today
Hint Answer % Correct
2015Dublin
100%
2016Dublin
100%
2017Dublin
100%
2018Dublin
100%
1891Dublin
95.1%
1892Dublin
95.1%
1894Dublin
95.1%
1897Dublin
95.1%
1898Dublin
95.1%
1899Dublin
95.1%
1901Dublin
95.1%
1902Dublin
95.1%
1906Dublin
95.1%
1907Dublin
95.1%
1908Dublin
95.1%
1921Dublin
95.1%
1922Dublin
95.1%
1923Dublin
95.1%
1942Dublin
95.1%
1958Dublin
95.1%
1963Dublin
95.1%
1974Dublin
95.1%
1976Dublin
95.1%
1977Dublin
95.1%
1983Dublin
95.1%
1995Dublin
95.1%
2011Dublin
95.1%
2013Dublin
95.1%
1903Kerry
81.4%
1904Kerry
81.4%
1909Kerry
81.4%
1913Kerry
81.4%
1914Kerry
81.4%
1924Kerry
81.4%
1926Kerry
81.4%
1929Kerry
81.4%
1930Kerry
81.4%
1931Kerry
81.4%
1932Kerry
81.4%
1937Kerry
81.4%
1939Kerry
81.4%
1940Kerry
81.4%
1941Kerry
81.4%
1946Kerry
81.4%
Hint Answer % Correct
1953Kerry
81.4%
1955Kerry
81.4%
1959Kerry
81.4%
1962Kerry
81.4%
1969Kerry
81.4%
1970Kerry
81.4%
1975Kerry
81.4%
1978Kerry
81.4%
1979Kerry
81.4%
1980Kerry
81.4%
1981Kerry
81.4%
1984Kerry
81.4%
1985Kerry
81.4%
1986Kerry
81.4%
1997Kerry
81.4%
2000Kerry
81.4%
2004Kerry
81.4%
2006Kerry
81.4%
2007Kerry
81.4%
2009Kerry
81.4%
2014Kerry
80.9%
1890Cork
79.4%
1911Cork
79.4%
1945Cork
79.4%
1973Cork
79.4%
1989Cork
79.4%
1990Cork
79.4%
2010Cork
79.4%
1936Mayo
77.5%
1950Mayo
77.5%
1951Mayo
77.5%
1992Donegal
77.5%
2012Donegal
77.5%
1887Limerick
75.5%
1893Wexford
75.5%
1896Limerick
75.5%
1915Wexford
75.5%
1916Wexford
75.5%
1917Wexford
75.5%
1918Wexford
75.5%
1960Down
75.5%
1961Down
75.5%
1968Down
75.5%
1991Down
75.5%
Hint Answer % Correct
1994Down
75.5%
2003Tyrone
75.5%
2005Tyrone
75.5%
2008Tyrone
75.5%
1889Tipperary
74.5%
1895Tipperary
74.5%
1900Tipperary
74.5%
1920Tipperary
74.5%
1925Galway
74.5%
1934Galway
74.5%
1938Galway
74.5%
1949Meath
74.5%
1954Meath
74.5%
1956Galway
74.5%
1964Galway
74.5%
1965Galway
74.5%
1966Galway
74.5%
1967Meath
74.5%
1987Meath
74.5%
1988Meath
74.5%
1996Meath
74.5%
1998Galway
74.5%
1999Meath
74.5%
2001Galway
74.5%
1993Derry
72.5%
1933Cavan
71.6%
1935Cavan
71.6%
1947Cavan
71.6%
1948Cavan
71.6%
1952Cavan
71.6%
1971Offaly
71.6%
1972Offaly
71.6%
1982Offaly
71.6%
2002Armagh
71.6%
1905Kildare
70.6%
1919Kildare
70.6%
1927Kildare
70.6%
1928Kildare
70.6%
1943Roscommon
69.6%
1944Roscommon
69.6%
1910Louth
68.6%
1912Louth
68.6%
1957Louth
68.6%

You're not logged in!

Compare scores with friends on all Sporcle quizzes.
OR
Log In

Show Comments

Extras

Created Mar 5, 2014ReportNominate
Tags:All-Ireland, winner

Top Quizzes Today


Score Distribution

Your Account Isn't Verified!

In order to create a playlist on Sporcle, you need to verify the email address you used during registration. Go to your Sporcle Settings to finish the process.

Report this User

Report this user for behavior that violates our Community Guidelines.

Details: